Stati dove si usa l'Euro - Statistics

Statistiche generali
  • Questo quiz è stato fatto 210 volte
    122 dall'ultimo reset
  • Il punteggio medio è 23 su 27
Statistiche sulle risposte
Adozione dell'Euro Stato % Corretto
1º gennaio 1999 Italia
100%
1º gennaio 1999 Francia
98%
1º gennaio 1999 Portogallo
98%
1º gennaio 1999 Germania
97%
1º gennaio 1999 Paesi Bassi
97%
1º gennaio 2001 Grecia
95%
1º gennaio 1999 Spagna
95%
1º gennaio 1999 Austria
94%
1º gennaio 1999 Belgio
94%
1º gennaio 2007 Slovenia
94%
1º gennaio 2023 Croazia
93%
1º gennaio 1999 Lussemburgo
93%
1º gennaio 2011 Estonia
88%
1º gennaio 1999 Irlanda
88%
1º gennaio 2015 Lituania
88%
1º gennaio 2009 Slovacchia
88%
1º gennaio 2014 Lettonia
87%
1º gennaio 1999 Città del Vaticano
86%
1º gennaio 1999 Finlandia
84%
1º gennaio 2026 Bulgaria
83%
1º gennaio 1999 Andorra
81%
1º gennaio 2008 Malta
81%
1º gennaio 1999 San Marino
81%
1º gennaio 1999 Monaco
76%
1º gennaio 2008 Cipro
66%
1º gennaio 1999 Montenegro
60%
1º gennaio 1999 Kosovo
55%
Nessun quiz corrispondente trovato
Distribuzione punteggi
Percentuale di utenti per punteggio
Percentile per numero di risposta
I tuoi punteggi nel tempo
Non hai fatto questo quiz dall'ultimo reset